000 01899cam a2200577 a 4500
001 21489
003 VRT
005 20260302142900.0
008 240314s2014 xo o g 000 0dslo
015 _aSNBA2015/02
020 _a9788081143359
_q(viaz.)
035 _aB3FA51AF-CC72-43C1-9176-101A9079D97D
035 _aurn:nbn:sk:snk-amkvw9
035 _aurn:nbn:sk:snk-am0013dg
039 9 _a202403141144
_bVLOAD
_c202310241422
_dAUTHORITY
_c201808141528
_dmbpksh04
_c201606101339
_dVLOAD
040 _aZKSE
_bslo
_cZKSE
_eAACR2
041 0 _aslo
043 _ae-xo---
044 _axo
_cSK
072 7 _a271/279
_xKresťanské cirkvi, sekty, denominácie
_2konspekt
072 7 _a929
_xBiografie
_2konspekt
080 _a274/278-1/-9
_22001
080 _a274.5-726.6
_22001
080 _a929-058.1
_22001
080 _a(437.6)
_22001
080 _a(047.53)
_22001
100 1 _aHavranová, Ivana,
_d1952-
_4aut
245 1 0 _aLuteráni
_cIvana Havranová
250 _a1. vyd.
260 _aBratislava
_bMarenčin PT
_c2014
300 _a154 s.
_bfotogr.
_c21 cm
610 0 7 _aEvanjelická cirkev a.v.
_2SNKKA
650 0 7 _aevanjelici
_2SNKPH
650 0 7 _aosobnosti
_2SNKPH
650 0 7 _aLutherans
_2SNKPHeng
650 0 7 _aCelebrities
_2SNKPHeng
651 7 _aSlovensko
_2SNKPH
651 7 _aSlovakia
_2SNKPHeng
655 7 _arozhovory
_2SNKPH
655 7 _aInterviews
_2SNKPHeng
910 _apppk
910 _abpksh
942 _2ddc
_cKLDO
_n0
949 _617A1135140
_asnkSC 162525
_bsnk2015/1293
_o84/15
_s6100:20140925
949 _617A1135139
_asnkSC 162525 D1
_bsnk2015/1294
_o84/15
949 _6270001000479456
_asvkbbA 143587
_bsvkbbm 750473
949 _62889301008
_asavukM 116736
_bsavuk2015/421
949 _6273K0583098
_asvkpoA 224001
_bsvkpo581167
949 _6273K0583831
_asvkpoA 224608
_bsvkpo582701
949 _63869A14225
_abpksh274.5 ; 821.162.4-32
_bbpksh70887
999 _c21489
_d21489